=LDR 00000nam 2200000 4500 =001 INLIS000000000044737 =005 20131008110642 =008 ***********************************Ind** =035 ##$$0010-101300000002659 =041 ##$$a Ind =082 ##$$a 668.62 =090 ##$$a 668.62, Sof s =100 ##$$a Sofian =245 ##$$a Sukses Membuat Dari Sampah, Sofian ; Tetty Yullia =260 ##$$a 2009 $b Jakarta =300 ##$$a Viii,52 Hlm., 23 Cm =700 ##$$a Yullia, Tetty =850 ##$$a NNT-CD